Дело о передаче красильни Лапшиным Сальникову

Доступно только в Электронных читальных залах Найти на картеНа карте
RUSMARC
00003726nmc2a22002413x 450
0016bf3fed1-9467-42ce-970c-4122116a99d7
00520210714150019.0
100##$a20210216l19051905k l0rusy0189 ca
1010#$arus
102##$aRU
105##$ay###
1222#$ad
2001#$aДело о передаче красильни Лапшиным Сальникову
$j3-23 августа 1905 г.
215##$a15 л.
$d36,5х26 см
251##$cДело
300##$aПо монтировочному отделению Санкт-Петербургской конторы Дирекции императорских театров
371##$aДокумент не является опубликованным и широко распространяемым
461#0$10019264ebf8-de62-4f1a-9eb4-9f22098dbbd5
$12001
$aДирекция императорских театров МИДв
$1251
$cФонд
$1852
$j497
462#0$1001ff15f5e8-b5fa-4fe1-bbcd-275cd0305ec2
$12001
$aДела Санкт-Петербургской конторы Дирекции императорских театров и дела Московской конторы Дирекции императорских театров
$1251
$cОпись
$1852
$j10
801#0$aRU
$bРГИА
$c20210216
$gRCR
801#1$aRU
$bГлавНИВЦ
$c20210216
$2rusmarc
801#2$aRU
$bПБ им. Б.Н. Ельцина
$c20210714
$gRCR
$2rusmarc
850##$aРГИА
852##$aРГИА
$eФедеральное казенное учреждение "Российский государственный исторический архив" (РГИА)
$j893
937##$hРГИА
$d12357762
$aASBIBLIO_SCAN
035##$aRusGRCC00022427
856##$uhttp://readingroom.main.prlib.ru/item.aspx?id_node=n166116563&mode=full
Формат отображения